| 000 | 00852nam a2200229 a 4500 | ||
|---|---|---|---|
| 001 | BRCA_518 | ||
| 005 | 20190320203038.0 | ||
| 008 | 871207s1988 nyua---###---#001-0#eng-# | ||
| 020 | _a0517658321 | ||
| 040 |
_aDLC _cDLC _dDLC |
||
| 041 | _aengger | ||
| 050 | 4 |
_aGT513 _b.B78 1988 |
|
| 100 | 1 |
_aBruhn, Wolfgang _91781 |
|
| 245 | 1 | 0 |
_aA pictorial history of costume _ba survey of costume of all periods and peoples from antiquity to modern times including national costume in Europe and non-European countries _cWolfgang Bruhn, Max Tilke. |
| 260 |
_aNueva York _bArch Cape _c1988 |
||
| 300 |
_a200 p. _bil. (algunas a color) _c31 cm. |
||
| 500 | _aTraducción de: Kostümwerk | ||
| 650 | 1 | 4 |
_aPrendas de vestir _vTrabajos Ilustrados _xHistoria _yHasta el siglo XIX _91782 |
| 653 | 0 | _aIndumentaria | |
| 700 | 1 |
_aTilke, Max _d1869-1942 _91783 |
|
| 942 |
_2lcc _cB |
||
| 999 |
_c450 _d450 |
||